00145nam a2200061Ia 4500008004100000100001600041245002600057170817s9999 xx 000 0 und d aGHOSH P. K. 0aINDUSTRIAL PSYCHOLOGY